[Event "Cuiaba Contaud op"]
[Site "Cuiaba"]
[Date "2022.10.25"]
[Round "1"]
[White "Arruda Filho, Ivo Pereira de"]
[Black "Haubert, Roberto Camargo"]
[Result "1-0"]
[WhiteElo "1736"]
[BlackElo "1773"]
[PlyCount "45"]
[EventDate "2022.10.25"]
[EventType "swiss"]
[EventRounds "9"]
[EventCountry "BRA"]
[SourceTitle "EXT 2024"]
[Source "ChessBase"]
[SourceDate "2023.10.10"]
[SourceVersion "1"]
[SourceVersionDate "2023.10.10"]
[SourceQuality "1"]

1. Nf3 Nc6 2. e4 e5 3. Bc4 Bc5 4. 0-0 Nf6 5. d3 0-0 6. Bg5 h6 7. Bh4 Be7 8. Nc3 d6 9. h3 Nh5 10. Nxe5 Nxe5 11. Bxe7 Qxe7 12. Qxh5 Nxc4 13. dxc4 c6 14. f4 f5 15. Rae1 fxe4 16. Rxe4 Qf6 17. g4 Bd7 18. Rfe1 Qf7 19. Qxf7+ Rxf7 20. Rd4 Rf6 21. f5 Raf8 22. Ne4 R6f7 23. Nxd6 1-0